000 00815nam a2200205Ii 4500
003 JO-AjNU
008 230605s9999||||xx |||||||||||||| ||und||
040 _aJO-AjNU
_bara
_erda
_cJO-AjNU
041 _aara
050 1 4 _aTA351.M3782 2004
100 3 _aزعموط، محمود صالح، م مشارك: طارق نحاس ،علي احمد المصموم، بسام غلمان,
_eauthor
_951089
245 0 0 _aالمرجع في علم السكون الهندسي حسب نظام الوحدات الدولية
250 _aط1
264 3 1 _aالقاهرة:دار الشروق للنشر،2004
300 _a564ص
_bملاحق من 5005-549
336 _atext
_btxt
_2rdacontent
337 _aunmediated
_bn
_2rdamedia
338 _avolume
_bnc
_2rdacarrier
650 4 _aعلم السكون الهندسي
_951090
999 _aA22545
_c26113
_d26113